| 000 | 00645nam a2200217Ia 4500 | ||
|---|---|---|---|
| 005 | 20241129104225.0 | ||
| 008 | 241129s9999||||xx |||||||||||||| ||und|| | ||
| 020 | _a9781804558232 | ||
| 037 | _aTextual | ||
| 040 |
_aRTL _beng _cRTL |
||
| 041 |
_aeng _2eng |
||
| 084 |
_aX:51.2 R3 _qRTL |
||
| 100 |
_aSinha Kunal _9310011 |
||
| 245 | 0 |
_aFuture of India's rural markets: A transformational opportunity _cSinha Kunal |
|
| 260 |
_aUnited Kingdom _bEmerald Publishing _c2023 |
||
| 300 | _axix,215p. | ||
| 365 |
_aINR _b7952.25 |
||
| 650 |
_aRural Markets- India _9725300 |
||
| 942 |
_cTB _hX:51.2 R3 |
||
| 999 |
_c1224949 _d1224949 |
||